[Event "Bay Area op"]
[Site "Burlingame"]
[Date "2019.01.01"]
[Round "1"]
[White "Costello, Alexander"]
[Black "Wang, Kevin A"]
[Result "0-1"]
[WhiteElo "2231"]
[BlackElo "2450"]
[PlyCount "132"]
[EventDate "2019.01.01"]
[EventType "swiss"]
[EventRounds "9"]
[EventCountry "USA"]
[SourceTitle "CBM 188 Extra"]
[Source "ChessBase"]
[SourceDate "2019.02.26"]
[SourceVersion "1"]
[SourceVersionDate "2019.02.26"]
[SourceQuality "1"]

1. e4 d6 2. d4 Nf6 3. Nc3 g6 4. f4 Bg7 5. Nf3 0-0 6. Bd3 Nc6 7. e5 dxe5 8. fxe5 Nh5 9. Be3 Bg4 10. Be4 f6 11. exf6 Nxf6 12. Bxc6 bxc6 13. Qe2 Bxf3 14. gxf3 Nd5 15. Rd1 Rb8 16. 0-0 Rxb2 17. Bc1 Nxc3 18. Qe6+ Kh8 19. Bxb2 Nxd1 20. Rxd1 Qd6 21. Qb3 Qd5 22. Qxd5 cxd5 23. Kf2 c5 24. Ke3 Rb8 25. Ba1 c4 26. Bc3 Kg8 27. Kf4 Kf7 28. Re1 e6 29. a4 Bf8 30. h3 Kf6 31. Ke3 Bd6 32. Kf2 Rb6 33. Kg2 Bb4 34. a5 Rb8 35. Rb1 Bd6 36. Re1 a6 37. Kf2 Rb5 38. Ke3 Bc7 39. Ra1 Kf5 40. Kf2 e5 41. Re1 exd4 42. Bxd4 Bd6 43. Re8 Rxa5 44. Rd8 Ke6 45. Re8+ Be7 46. Bb6 Rb5 47. Bd8 Rb7 48. Bxe7 Rxe7 49. Ra8 Ke5 50. Rxa6 Kd4 51. Ra3 Re6 52. h4 h5 53. Ra5 Kc3 54. Rxd5 Kxc2 55. Kg3 c3 56. Kf4 Rc6 57. Kg5 Kb3 58. Rb5+ Ka4 59. Rb1 c2 60. Rg1 Rd6 61. Rc1 Kb3 62. f4 Kb2 63. Rg1 c1Q 64. Rxc1 Kxc1 65. f5 gxf5 66. Kxh5 Rd4 0-1

[Event "Las Vegas National op"]
[Site "Las Vegas"]
[Date "2018.06.21"]
[Round "1"]
[White "Costello, Alexander"]
[Black "Nyzhnyk, Illya"]
[Result "0-1"]
[WhiteElo "2150"]
[BlackElo "2598"]
[PlyCount "102"]
[EventDate "2018.06.21"]
[EventType "swiss"]
[EventRounds "7"]
[EventCountry "USA"]
[SourceTitle "CBM 185 Extra"]
[Source "ChessBase"]
[SourceDate "2018.07.29"]
[SourceVersion "1"]
[SourceVersionDate "2018.07.29"]
[SourceQuality "1"]

1. e4 c6 2. d4 d5 3. Nc3 dxe4 4. Nxe4 Bf5 5. Ng3 Bg6 6. h4 h6 7. Nf3 Nd7 8. h5 Bh7 9. Bd3 Bxd3 10. Qxd3 e6 11. Bd2 Ngf6 12. 0-0-0 Be7 13. Kb1 0-0 14. Ne4 Nxe4 15. Qxe4 Nf6 16. Qe2 Qd5 17. Be3 Rfd8 18. Ne5 Bd6 19. Ng4 Nxg4 20. Qxg4 f5 21. Qe2 f4 22. Bc1 Rf8 23. Rhe1 Rae8 24. g4 fxg3 25. fxg3 Bxg3 26. Rg1 Qf3 27. Qxf3 Rxf3 28. Rg2 Bf4 29. Rdg1 Re7 30. Rg6 Kf8 31. Re1 Bxc1 32. Kxc1 Rf5 33. Re5 Rxe5 34. dxe5 Rf7 35. Rxe6 Rf5 36. a4 Rxh5 37. a5 a6 38. Kd2 Kf7 39. Rd6 Ke7 40. Rd3 Rxe5 41. Rg3 Kf6 42. b4 c5 43. c3 cxb4 44. cxb4 g5 45. Kc3 h5 46. Kb3 g4 47. Rd3 h4 48. Rd8 g3 49. Rf8+ Kg5 50. Rg8+ Kf4 51. Rg5 Rxg5 0-1

[Event "American op 53rd"]
[Site "Costa Mesa"]
[Date "2017.11.23"]
[Round "1"]
[White "Costello, Alexander"]
[Black "Baryshpolets, Andrey"]
[Result "0-1"]
[WhiteElo "2163"]
[BlackElo "2592"]
[PlyCount "68"]
[EventDate "2017.11.23"]
[EventType "swiss"]
[EventRounds "8"]
[EventCountry "USA"]
[SourceTitle "EXT 2019"]
[Source "ChessBase"]
[SourceDate "2018.10.10"]
[SourceVersion "1"]
[SourceVersionDate "2018.10.10"]
[SourceQuality "1"]

1. e4 e6 2. d4 d5 3. Nc3 Nf6 4. Bg5 Bb4 5. e5 h6 6. Bd2 Bxc3 7. Bxc3 Ne4 8. Bb4 c5 9. Bxc5 Qa5+ 10. c3 Nxc5 11. dxc5 Qxc5 12. Nf3 Bd7 13. Qd2 0-0 14. Bd3 Bb5 15. Bc2 a5 16. g4 Nd7 17. 0-0-0 Bc4 18. Bb1 Rfc8 19. Rhe1 b5 20. g5 b4 21. Re3 h5 22. g6 f6 23. exf6 Nxf6 24. Qd4 Qb5 25. Rde1 Rab8 26. Qd2 Ne4 27. Bxe4 dxe4 28. Nd4 Qb6 29. Ne2 Rd8 30. Qc2 Bd3 31. Qb3 Qc6 32. c4 a4 33. Qd1 Qxc4+ 34. Qc2 Qxc2# 0-1